[Event "RUS Cup tt (Women)"]
[Site "Sochi"]
[Date "2023.11.30"]
[Round "4.9"]
[White "Khegai, Darya"]
[Black "Poliakova, Varvara"]
[Result "0-1"]
[WhiteElo "1741"]
[BlackElo "2013"]
[PlyCount "42"]
[EventDate "2023.11.27"]
[EventType "team-tourn"]
[EventRounds "7"]
[EventCountry "RUS"]
[SourceTitle "CB49_2023"]
[SourceDate "2023.12.06"]
[SourceVersion "1"]
[SourceVersionDate "2023.12.06"]
[SourceQuality "1"]
[WhiteTeam "Altay Region Kaissa (W)"]
[BlackTeam "Belarus (W)"]
[WhiteTeamCountry "RUS"]
[BlackTeamCountry "BLR"]

1. d4 Nf6 2. c4 e6 3. Nf3 Bb4+ 4. Nbd2 0-0 5. a3 Bxd2+ 6. Qxd2 b6 7. e3 Bb7 8. Bd3 d6 9. Qc2 Re8 10. e4 e5 11. d5 a5 12. b3 Nbd7 13. Bg5 h6 14. Bd2 Nc5 15. 0-0 c6 16. dxc6 Bxc6 17. Rfe1 Qd7 18. Nh4 Qg4 19. Nf5 Nxd3 20. Re3 Nf4 21. g3 Nh3+ 0-1

[Event "Chigorin Memorial 30th"]
[Site "St Petersburg"]
[Date "2023.10.26"]
[Round "6"]
[White "Potapenko, Nikita"]
[Black "Khegai, Darya"]
[Result "1-0"]
[WhiteElo "1589"]
[BlackElo "1840"]
[PlyCount "113"]
[EventDate "2023.10.21"]
[EventType "swiss"]
[EventRounds "9"]
[EventCountry "RUS"]
[SourceTitle "Mega2024 Update 01"]
[Source "Chessbase"]
[SourceDate "2023.11.12"]
[SourceVersion "1"]
[SourceVersionDate "2023.11.12"]
[SourceQuality "1"]

1. d4 Nf6 2. c4 e6 3. Nc3 Bb4 4. e3 0-0 5. Nge2 Re8 6. a3 Bf8 7. Ng3 d5 8. Be2 b6 9. 0-0 c5 10. dxc5 bxc5 11. cxd5 exd5 12. Nh5 Nxh5 13. Bxh5 Bb7 14. Bf3 Re5 15. b4 cxb4 16. axb4 Bxb4 17. Bb2 Bxc3 18. Bxc3 Re8 19. Qd4 f6 20. Rxa7 Rxa7 21. Qxa7 Qc8 22. Rb1 Bc6 23. Qc5 Kh8 24. h4 Nd7 25. Qd6 Nf8 26. Bxf6 Qf5 27. Rc1 Qxf6 28. Qxf6 gxf6 29. Rxc6 Kg7 30. Bxd5 Ng6 31. Rc7+ Kh6 32. Bf7 Rd8 33. Bxg6 Kxg6 34. g3 h5 35. Kg2 Rd2 36. e4 Ra2 37. Kf3 Rb2 38. Ke3 Rb3+ 39. Kf4 Rb2 40. f3 Rf2 41. Rc6 Kg7 42. Rc1 Kg6 43. Rh1 Ra2 44. g4 Ra5 45. Rd1 Ra2 46. Rd6 hxg4 47. fxg4 Rf2+ 48. Kg3 Re2 49. g5 Rxe4 50. Rxf6+ Kg7 51. Rd6 Re1 52. Kg4 Rg1+ 53. Kh5 Ra1 54. Rd7+ Kf8 55. Kh6 Kg8 56. Rd8+ Kf7 57. g6+ 1-0

[Event "Cheliabinsk Lozovatsky Memorial-B"]
[Site "Cheliabinsk"]
[Date "2023.02.05"]
[Round "10"]
[White "Usacheva, Glafira"]
[Black "Khegai, Darya"]
[Result "1/2-1/2"]
[WhiteElo "1879"]
[BlackElo "1670"]
[PlyCount "45"]
[EventDate "2023.01.27"]
[EventType "swiss"]
[EventRounds "10"]
[EventCountry "RUS"]
[SourceTitle "CBM 212 Extra"]
[Source "ChessBase"]
[SourceDate "2023.03.31"]
[SourceVersion "1"]
[SourceVersionDate "2023.03.31"]
[SourceQuality "1"]

1. e4 c6 2. Nf3 d5 3. exd5 cxd5 4. d4 Nc6 5. c4 Nf6 6. Nc3 Bg4 7. cxd5 Nxd5 8. Qb3 Bxf3 9. gxf3 e6 10. Qxb7 Nxd4 11. Bb5+ Nxb5 12. Qc6+ Ke7 13. Qc5+ Ke8 14. Qxb5+ Qd7 15. Nxd5 exd5 16. Qb3 Bd6 17. Bd2 Rb8 18. Qxd5 Rxb2 19. Bc3 Qe7+ 20. Qe4 Qxe4+ 21. fxe4 Bb4 22. Bxb4 Rxb4 23. 0-0 1/2-1/2

[Event "Cheliabinsk Lozovatsky Memorial-B"]
[Site "Cheliabinsk"]
[Date "2023.02.02"]
[Round "7"]
[White "Khegai, Darya"]
[Black "Danilova, Rada"]
[Result "1-0"]
[WhiteElo "1670"]
[BlackElo "2015"]
[PlyCount "103"]
[EventDate "2023.01.27"]
[EventType "swiss"]
[EventRounds "10"]
[EventCountry "RUS"]
[SourceTitle "CBM 212 Extra"]
[Source "ChessBase"]
[SourceDate "2023.03.31"]
[SourceVersion "1"]
[SourceVersionDate "2023.03.31"]
[SourceQuality "1"]

1. d4 Nf6 2. c4 e6 3. Nf3 Bb4+ 4. Nbd2 b6 5. a3 Bxd2+ 6. Qxd2 Bb7 7. e3 0-0 8. Be2 d6 9. 0-0 Ne4 10. Qc2 a5 11. Bd3 f5 12. d5 exd5 13. Nd4 dxc4 14. Bxc4+ d5 15. Bd3 Qd7 16. b3 Nd6 17. Bb2 c5 18. Nf3 Qe7 19. h4 Nd7 20. Qe2 Rae8 21. Rfe1 h6 22. Rad1 Rf7 23. h5 Rff8 24. g3 Rf7 25. Nh4 Qg5 26. Kh2 Nf6 27. Bxf6 Qxf6 28. Ng6 Rc7 29. Nf4 c4 30. Bc2 Nb5 31. Qd2 Qf7 32. Ra1 Rd7 33. a4 Nc7 34. Rad1 Ne6 35. Qe2 Nxf4 36. gxf4 d4 37. Qxc4 Bd5 38. Qe2 Bxb3 39. Bxb3 Qxb3 40. Qd3 Qf7 41. exd4 Qxh5+ 42. Kg2 Qg4+ 43. Kf1 Rxe1+ 44. Rxe1 Qxf4 45. d5 Rd8 46. Re6 Qc1+ 47. Re1 Qf4 48. Re6 Rc8 49. d6 Kf8 50. d7 Rd8 51. Qb5 Qc7 52. Re8+ 1-0

[Event "Cheliabinsk Lozovatsky Memorial-B"]
[Site "Cheliabinsk"]
[Date "2023.01.28"]
[Round "2"]
[White "Khegai, Darya"]
[Black "Baranova, Elizaveta"]
[Result "0-1"]
[WhiteElo "1670"]
[BlackElo "1874"]
[PlyCount "58"]
[EventDate "2023.01.27"]
[EventType "swiss"]
[EventRounds "10"]
[EventCountry "RUS"]
[SourceTitle "CBM 212 Extra"]
[Source "ChessBase"]
[SourceDate "2023.03.31"]
[SourceVersion "1"]
[SourceVersionDate "2023.03.31"]
[SourceQuality "1"]

1. d4 Nf6 2. c4 c5 3. d5 b5 4. cxb5 a6 5. bxa6 g6 6. Nc3 Bxa6 7. e4 Bxf1 8. Kxf1 d6 9. g3 Bg7 10. Kg2 0-0 11. Nf3 Nbd7 12. a4 Qa5 13. Nd2 Rfb8 14. Nc4 Qb4 15. Qe2 Ne8 16. Bd2 Nb6 17. Nxb6 Qxb6 18. Rhb1 Nc7 19. f4 Qa6 20. Qf3 Rb3 21. Qd1 Qc4 22. Qe1 Rab8 23. Nb5 Nxb5 24. Rc1 Qd3 25. axb5 Rxb2 26. Rd1 Bc3 27. Kh3 Rxd2 28. Rxd2 Qxd2 29. Qxd2 Bxd2 0-1

[Event "Moscow op (Women) 17th"]
[Site "Moscow"]
[Date "2021.02.28"]
[Round "9"]
[White "Zavivaeva, Emilia"]
[Black "Khegai, Darya"]
[Result "1-0"]
[WhiteElo "1826"]
[BlackElo "1566"]
[PlyCount "141"]
[EventDate "2021.02.20"]
[EventType "swiss"]
[EventRounds "9"]
[EventCountry "RUS"]
[SourceTitle "EXT 2022"]
[Source "ChessBase"]
[SourceDate "2021.10.06"]
[SourceVersion "1"]
[SourceVersionDate "2021.10.06"]
[SourceQuality "1"]

1. d4 Nf6 2. Nf3 g6 3. e3 Bg7 4. Bd3 d6 5. 0-0 0-0 6. b3 e5 7. Be2 e4 8. Nfd2 Re8 9. c4 c6 10. Nc3 Na6 11. Bb2 Nc7 12. d5 cxd5 13. Nxd5 Nfxd5 14. Bxg7 Nxe3 15. fxe3 Kxg7 16. Nb1 Qg5 17. Qxd6 Qxe3+ 18. Kh1 Ne6 19. Qe5+ Kg8 20. Qf6 Rf8 21. Nc3 Qd4 22. Nd5 Qxf6 23. Nxf6+ Kg7 24. Nxe4 Nd4 25. Bd3 Bf5 26. Rad1 Rad8 27. Nc3 Bxd3 28. Rxd3 Nf5 29. Nd5 Rfe8 30. g4 Nd6 31. Nc7 Re7 32. Nb5 Nxb5 33. Rxd8 Nc3 34. Rd2 Ne2 35. g5 h6 36. gxh6+ Kxh6 37. Rd6 f5 38. Rxf5 Nc3 39. Rf3 Re1+ 40. Kg2 Re2+ 41. Kf1 Rc2 42. Rh3+ Kg5 43. Rg3+ Kf4 44. Rf6+ Ke4 45. Rfxg6 Rc1+ 46. Kg2 Rc2+ 47. Kh3 Ne2 48. Rg7 Nxg3 49. hxg3 Rxa2 50. Rxb7 a5 51. Rb5 a4 52. bxa4 Rxa4 53. Rc5 Kf3 54. Rc8 Ra6 55. Rf8+ Ke3 56. Rf4 Rh6+ 57. Kg4 Rg6+ 58. Kh4 Rg8 59. Rf5 Ke4 60. g4 Rg6 61. c5 Rc6 62. Kh5 Re6 63. Rf1 Re5+ 64. g5 Rxc5 65. Kh6 Ke5 66. g6 Rc2 67. Kg7 Ke6 68. Kg8 Rg2 69. g7 Ke7 70. Re1+ Kf6 71. Kf8 1-0

[Event "Moscow op (Women) 17th"]
[Site "Moscow"]
[Date "2021.02.22"]
[Round "3"]
[White "Shukhman, Anna"]
[Black "Khegai, Darya"]
[Result "1-0"]
[WhiteElo "1986"]
[BlackElo "1566"]
[PlyCount "63"]
[EventDate "2021.02.20"]
[EventType "swiss"]
[EventRounds "9"]
[EventCountry "RUS"]
[SourceTitle "CBM 200 Extra"]
[Source "ChessBase"]
[SourceDate "2021.03.31"]
[SourceVersion "1"]
[SourceVersionDate "2021.03.31"]
[SourceQuality "1"]

1. e4 c6 2. Nc3 d5 3. Nf3 Bg4 4. h3 Bxf3 5. Qxf3 Nf6 6. d3 e6 7. Bd2 Bb4 8. a3 Qa5 9. Rd1 Bxc3 10. Bxc3 Qd8 11. Be2 d4 12. Bd2 Nbd7 13. Qg3 Qb6 14. b4 Qb5 15. c4 Qa4 16. e5 0-0-0 17. exf6 gxf6 18. 0-0 Rhg8 19. Qh4 Rg7 20. Qxd4 Ne5 21. Qe4 Rdg8 22. g3 Qa6 23. c5 b5 24. cxb6 Qxb6 25. Be3 Qc7 26. Bf4 Qb6 27. d4 Ng6 28. Rc1 Kd7 29. Bf3 Ne7 30. Rc5 Nd5 31. Rfc1 Rc8 32. b5 1-0

[Event "Cheliabinsk Panchenko Memorial op-B"]
[Site "Cheliabinsk"]
[Date "2020.09.12"]
[Round "6"]
[White "Khegai, Darya"]
[Black "Shnayder, Violetta"]
[Result "0-1"]
[WhiteElo "1561"]
[BlackElo "1923"]
[PlyCount "64"]
[EventDate "2020.09.07"]
[EventType "swiss"]
[EventRounds "9"]
[EventCountry "RUS"]
[SourceTitle "CBM 198 Extra"]
[Source "ChessBase"]
[SourceDate "2020.11.30"]
[SourceVersion "1"]
[SourceVersionDate "2020.11.30"]
[SourceQuality "1"]

1. e4 g6 2. d4 Bg7 3. Nc3 d6 4. Bf4 c6 5. Nf3 b5 6. Bd3 b4 7. Ne2 Bg4 8. Qd2 Bxf3 9. gxf3 Qb6 10. Be3 Nf6 11. 0-0 0-0 12. a3 bxa3 13. Rxa3 Nbd7 14. Ra6 Qc7 15. Rfa1 c5 16. Qa5 Rfc8 17. dxc5 dxc5 18. Nc3 Qe5 19. Rxa7 Rab8 20. Ba6 Rf8 21. f4 Qe6 22. Be2 Rxb2 23. f5 gxf5 24. Ra6 Qe5 25. f4 Qb8 26. e5 Ng4 27. Bxg4 fxg4 28. Rd1 Nxe5 29. fxe5 Qxe5 30. Nd5 Rxc2 31. Bf4 Qe2 32. Rd2 Rc1+ 0-1

[Event "EU-ch U12 Girls"]
[Site "Bratislava"]
[Date "2019.08.07"]
[Round "6"]
[White "Sala, Giulia"]
[Black "Khegai, Darya"]
[Result "1/2-1/2"]
[WhiteElo "1641"]
[BlackElo "1388"]
[PlyCount "104"]
[EventDate "2019.08.02"]
[EventType "swiss"]
[EventRounds "9"]
[EventCountry "SVK"]
[SourceTitle "EXT 2020"]
[Source "ChessBase"]
[SourceDate "2019.10.17"]
[SourceVersion "1"]
[SourceVersionDate "2019.10.17"]
[SourceQuality "1"]

1. e4 c6 2. d4 d5 3. exd5 cxd5 4. Bd3 Nc6 5. c3 g6 6. Bf4 Bg7 7. Nf3 Nh6 8. 0-0 f6 9. Re1 0-0 10. Nbd2 Nf7 11. Bg3 e5 12. dxe5 fxe5 13. Bb5 e4 14. Bxc6 exf3 15. Ba4 fxg2 16. Nf3 Bd7 17. Kxg2 Kh8 18. Bxd7 Qxd7 19. Ne5 Nxe5 20. Bxe5 Bxe5 21. Rxe5 Rf5 22. Qd4 Rxe5 23. Qxe5+ Kg8 24. Re1 Qg4+ 25. Qg3 Qd7 26. Qe3 Qg4+ 27. Kh1 Rf8 28. h3 Qf5 29. Kg2 Rf7 30. Qe8+ Kg7 31. Qe5+ Qxe5 32. Rxe5 Rd7 33. Kf3 Kf6 34. Re8 d4 35. cxd4 Rxd4 36. Ke3 Rh4 37. Rf8+ Ke6 38. Rf3 Ra4 39. a3 Rh4 40. Rg3 Rc4 41. Kd3 Rf4 42. Ke3 Rh4 43. Rf3 b5 44. b3 a5 45. Rg3 a4 46. bxa4 Rxa4 47. Kd2 Rf4 48. Ke3 Rc4 49. Kd3 Rf4 50. Ke3 Kf5 51. Ke2 Ra4 52. Rf3+ Ke6 1/2-1/2

[Event "EU-ch U12 Girls"]
[Site "Bratislava"]
[Date "2019.08.06"]
[Round "5"]
[White "Khegai, Darya"]
[Black "Nordquelle, Amelia"]
[Result "0-1"]
[WhiteElo "1388"]
[BlackElo "1663"]
[PlyCount "72"]
[EventDate "2019.08.02"]
[EventType "swiss"]
[EventRounds "9"]
[EventCountry "SVK"]
[SourceTitle "EXT 2020"]
[Source "ChessBase"]
[SourceDate "2019.10.17"]
[SourceVersion "1"]
[SourceVersionDate "2019.10.17"]
[SourceQuality "1"]

1. e4 e5 2. Nf3 Nc6 3. Bc4 Nf6 4. d3 Bc5 5. c3 0-0 6. Nbd2 d5 7. exd5 Nxd5 8. Ne4 Bb6 9. 0-0 Re8 10. Bb3 f5 11. Ng3 Na5 12. Bxd5+ Qxd5 13. c4 Qd6 14. a3 e4 15. Ng5 h6 16. Nh3 Qxd3 17. Qh5 Qd7 18. Nxf5 Qf7 19. Nxg7 Kxg7 20. Bxh6+ Kg8 21. Qg5+ Kh7 22. Nf4 Bd4 23. Qxa5 Kxh6 24. Qd2 Bf6 25. Nd5+ Bg5 26. Qd4 c6 27. Nc3 Bf5 28. f4 Bf6 29. Qe3 Rad8 30. Rad1 Qxc4 31. Kh1 Rd3 32. Rxd3 Qxd3 33. Qe1 Bxc3 34. bxc3 e3 35. Rf3 Qb1 36. Rh3+ Kg6 0-1